000 00697cam a2200229 4500
008 090401t1990 xxu||||| |||| 00| 0 eng d
020 _a085406463X
035 _a(Sirsi) u51387
041 _aeng
050 _a346.410432
090 _aRICS 1990/77ABCD
100 _aAnstey, John
245 _aBoundary disputes and how to resolve them
260 _aLondon
_bSurveyors Publications
_c1990
300 _a87p. ; 21cm.
350 _a7.5
520 _aSUPERSEDED: Replaced by 2nd edition (RICS 1998/2). Published on behalf of the Royal Institution of Chartered Surveyors .
650 _aBoundary disputes
_96221
650 _aBoundary disputes
_96221
942 _n0
948 _c04/03/1997
999 _c92888
_d92888